00923nam a22002297a 4500999001900000005001700019010001500036020003100051035001400082037001300096082001500109100002100124245007500145260004400220270007700264300008400341490005200425760002600477760003100503942002900534952013000563 c178463d17846320210331130458.0 aENG-129357 a978-93-5388-364-5c1095.00 aEN-112889 bDBAD/PUB a320.954162 aGoswami, Sandhya aAssam Politics in Post-Congress Era: 1985 and beyond/cSandhya Goswami aNew DelhibSage Publication Indiac2020 aB1/1-1 Mohan Cooperative Industrial Area Mathura RoadbNew Delhie110044 axviii+188p.c22cm(hbk)bIncluding tables, bibliographical references and index. aSage Series on Politics in Indian StatesvVol 4 bPalshikar, Suhas, Ed. bDeshpande, Rajeshwari, Ed. 2ddccENh320.954162mGOS 001040708NFICaBL4bBL4d2021-03-31eEN-112889g1095.00l0o320.954162 GOSpEN-112889r2021-03-31 00:00:00t1v1095.00yEN